Стоицизм и христианство (Запись № 1742194)

Подробности
000 -МАРКЕР
контрольное поле 01737nam0a2200385 4500
001 - ИДЕНТИФИКАТОР ЗАПИСИ
контрольное поле RU\NLR\bibl\1208722
005 - ИДЕНТИФИКАТОР ВЕРСИИ
контрольное поле 20260406162430.0
010 ## - МЕЖДУНАРОДНЫЙ СТАНДАРТНЫЙ НОМЕР КНИГИ (ISBN)
Номер (ISBN) 978-5-382-00309-2
021 ## - НОМЕР ГОСУДАРСТВЕННОЙ РЕГИСТРАЦИИ
Код страны Российская Федерация
Номер 2008-8678
Номер Листа государственной регистраци 481
035 ## - ДРУГИЕ СИСТЕМНЫЕ НОМЕРА
Идентификатор записи (NLR Aleph) 001195159
100 ## - ДАННЫЕ ОБЩЕЙ ОБРАБОТКИ
Данные общей обработки 20080401d2007 |||y0rusy50 ca
101 1# - ЯЗЫК РЕСУРСА
Язык текста, звукозаписи и т.д. русский
Язык оригинала французский
102 ## - СТРАНА ПУБЛИКАЦИИ ИЛИ ПРОИЗВОДСТВА
Страна публикации Российская Федерация
105 ## - ПОЛЕ КОДИРОВАННЫХ ДАННЫХ: ТЕКСТОВЫЕ МАТЕРИАЛЫ, МОНОГРАФИЧЕСКИЕ
Кодированные данные о монографическом текстовом документе y |||||||||
200 1# - ЗАГЛАВИЕ И СВЕДЕНИЯ ОБ ОТВЕТСТВЕННОСТИ
Основное заглавие Стоицизм и христианство
Сведения, относящиеся к заглавию Эпиктет, Марк Аврелий и Паскаль
Первые сведения об ответственности Ж.М. Гюйо
Последующие сведения об ответственности пер. с фр. И. Нахамкиса и М. Энгельгардта
205 ## - СВЕДЕНИЯ ОБ ИЗДАНИИ
Сведения об издании Изд. 2-е
210 ## - ПУБЛИКАЦИЯ, РАСПРОСТРАНЕНИЕ И ДР.
Место издания, распространения и т.д. Москва
Имя издателя, распространителя и т. д. URSS
-- Изд-во ЛКИ
Дата издания, распространения и т.д. 2007
215 ## - ФИЗИЧЕСКАЯ ХАРАКТЕРИСТИКА
Специфическое обозначение материала и объем 108 с.
Размеры 22
225 1# - СЕРИЯ
Основное заглавие серии Из наследия мировой философской мысли: философия античности
320 ## - ПРИМЕЧАНИЯ О НАЛИЧИИ В ДОКУМЕНТЕ БИБЛИОГРАФИИ / УКАЗАТЕЛЯ
Текст примечания Библиогр. в подстроч. прим.
606 1# - НАИМЕНОВАНИЕ ТЕМЫ КАК ПРЕДМЕТ
Наименование темы Стоицизм
Тематический подзаголовок История
Системный номер авторитетной/нормативной записи 2334449
Идентификатор авторитетной/нормативной записи RU\NLR\auth\661395779
606 1# - НАИМЕНОВАНИЕ ТЕМЫ КАК ПРЕДМЕТ
Наименование темы Философия французская
Хронологический подзаголовок 19 в.
Системный номер авторитетной/нормативной записи 1369560
Идентификатор авторитетной/нормативной записи RU\NLR\auth\66259709
686 ## - ИНДЕКСЫ ДРУГИХ КЛАССИФИКАЦИЙ
Индекс Ю3(0)323-231
686 ## - ИНДЕКСЫ ДРУГИХ КЛАССИФИКАЦИЙ
Индекс Ю3(4Фр)6-648
700 #1 - ИМЯ ЛИЦА - ПЕРВИЧНАЯ ОТВЕТСТВЕННОСТЬ
Код отношения Автор
Графика поля Кириллица
Материалы, к которым относится поле rus
Начальный элемент ввода Гюйо
Часть имени, кроме начального элемента ввода Ж. М.
Даты 1854-1888
Расширение инициалов личного имени Жан Мари
Системный номер авторитетной/нормативной записи 110142
Идентификатор авторитетной/нормативной записи RU\NLR\auth\7716
702 #0 - ИМЯ ЛИЦА - ВТОРИЧНАЯ ОТВЕТСТВЕННОСТЬ
Код отношения Прочие
Графика поля Кириллица
Материалы, к которым относится поле rus
Начальный элемент ввода Эпиктет
Дополнения к именам, кроме дат философ
Даты ок.50-ок.138
Системный номер авторитетной/нормативной записи 117100
Идентификатор авторитетной/нормативной записи RU\NLR\AUTH\777161
702 #0 - ИМЯ ЛИЦА - ВТОРИЧНАЯ ОТВЕТСТВЕННОСТЬ
Код отношения Прочие
Графика поля Кириллица
Материалы, к которым относится поле rus
Начальный элемент ввода Марк Аврелий Антонин
Дополнения к именам, кроме дат император римский
Даты 121-180
Системный номер авторитетной/нормативной записи 66171
Идентификатор авторитетной/нормативной записи RU\NLR\AUTH\7783243
702 #1 - ИМЯ ЛИЦА - ВТОРИЧНАЯ ОТВЕТСТВЕННОСТЬ
Код отношения Прочие
Графика поля Кириллица
Материалы, к которым относится поле rus
Начальный элемент ввода Паскаль
Часть имени, кроме начального элемента ввода Б.
Даты 1623-1662
Расширение инициалов личного имени Блез
Системный номер авторитетной/нормативной записи 119163
Идентификатор авторитетной/нормативной записи RU\NLR\auth\779330
801 #0 - ИСТОЧНИК ЗАПИСИ
Страна Российская Федерация
Организация NLR
Дата составления 20080401
Правила каталогизации RCR
801 #1 - ИСТОЧНИК ЗАПИСИ
Страна Российская Федерация
Организация NLR
Дата составления 20080401
942 ## - ДОПОЛНИТЕЛЬНЫЕ ЭЛЕМЕНТЫ ЗАПИСИ (АБИС)
Тип экземпляра АБИС Книга
980 ## - КОЛЛЕКЦИЯ
Название коллекции Национальная библиография
Экземпляры
Тип экземпляра Дата поступления Источник поступления Библиотека постоянного хранения Библиотека текущего хранения Место хранения Шифр хранения Штрих-код Статус экземпляра Стоимость
Книга 01.04.2008 Обязательный экземпляр РНБ (Московский) РНБ (Московский) Русский книжный фонд: издания с 1957 года 2008-5/2597 1-2248460    
Книга 01.04.2008 Обязательный экземпляр РНБ (Московский) РНБ (Московский) Русский книжный фонд: издания с 1957 года 2008-5/2597 2641693    
Книга 30.07.2008 Покупка РНБ (Садовая) РНБ (Садовая) Универсальный читальный зал У Ю3(0)323/Г-991 1-165269   164.00